Prueba de Ourense - Estadísticas

Estadísticas generales
  • Esta prueba ha sido intentada 46 veces
  • La puntuación promedio es 9 de 16
Estadísticas de respuestas
Pregunta Respuesta % Correcto
Ourense es la única provincia gallega que no tiene... Costa
100%
Río que atraviesa la capital Miño
94%
Su nombre proviene de "auria", dado que el asentamiento se formó al lado de una explotación de... Oro
94%
Político nacido en Ourense y criado en A Peroxa. Ha presidido la xunta de Galicia durante más de quince años consecutivos. Alberto Núñez Feijoo
77%
Ourense comenzó como un asentamiento de esta civilización Roma
71%
Área fluvial atravesada por imponentes acantilados y cañones; lugar tradicional para actividades como la observación de aves, el senderismo, el catamarán o la pesca. Cañón del Sil
65%
Grupo de rock duro y heavy metal originario de Ourense, cuyo vocalista era policía nacional. Destacan por lo elaborado de sus letras y por la contundencia de su sonido. Los Suaves
61%
País con el que límita por el sur la provincia de Ourense. Portugal
61%
Fruto típico de la provincia, es frecuente consumirlo asado o en sopa durante los meses otoñales. Castaña
52%
Forma de construcción romana en la capital Ourense Puente
48%
Potaje típico de la provincia, a base de grelos, patatas y alubias. Suele servirse en un tazón y su consumo es habitual durante el invierno. Caldo Gallego
45%
Vino con denominación de origen que se cultiva en dicha área. Ribeira Sacra
45%
Árbol que ocupa buena parte de la masa forestal tanto de la provincia como de toda la comunidad autónoma. Su introducción se dio durante la dictadura con el objetivo de su explotación maderera y destaca por su gran tamaño y a su poca exigencia en cuanto a condiciones climáticas. Eucalipto
29%
Segunda localidad más poblada de la provincia O Carballiño
29%
Área montañosa convertida en Parque Natural, hogar de lobos, cabras montesas y rebecos. O Invernadeiro
13%
Director de cine, guionista, productor, escritor y contertulio nacido en Pazos Hermos. Ha trabajado con Robert De Niro, Ryan Reynolds, Sigourney Weaver, Uma Thurman, Cillian Murphy o Martin Scorsese. Rodrigo Cortés
0%
No se encontraron pruebas coincidentes
Distribución de puntuación
Porcentaje de gente con cada puntuación
Porcentaje por número respondido
Historial de tus puntuaciones
No has intentado esta prueba.